000 00975nam a22002417a 4500
001 77016
003 BD-RjUL
005 20211219152533.0
008 200213s2020 bg ||||| |||| 00| 0 ben d
020 _a9789842102929
035 _a(BD-RjUL)77016
040 _aBD-RjUL
_beng
_cBD-RjUL
041 _aeng
082 _223
_a954.92050924
_bKAB 2020
100 _aকরিম, রেজাউল
_9239354
245 _aবঙ্গবন্ধু ও বাংলাদেশ :
_bঅভিন্ন সত্তা /
_cরেজাউল করিম
260 _aঢাকা :
_bগ্রন্থকুটির,
_c২০২০
300 _a৪৮৮ পৃ. :
_bচিত্র ;
_c২২ সেমি.
504 _aবিবলিওগ্রাফি অন্তর্ভূক্ত।
600 _aMujibur Rahman,
_cShaikh,
_d1920-1975.
_9252
600 _aমুজিবুর রহমান,
_cশেখ,
_d১৯২০-১৯৭৫
_9166
942 _2ddc
_cBK
999 _c77016
_d77016